000 00746cab a2200241 4500
001 ABS44909
008 090401t1991 xxu||||| |||| 00| 0 eng d
035 _a(Sirsi) u49838
041 _aeng
100 _aRoskrow, B.
245 _aYes, somebody may just notice the chaos
260 _c1991
350 _a0
490 _aConstruction News
_v(6222) 11 July 1991, 16(1)
520 _aA brief article which examine`s British Rail plans for construction of two 11km long tunnels for the " CrossRail " scheme between Paddington and Liverpool Street .
650 _aLONDON
650 _aNATM
650 _aNEW AUSTRIAN TUNNELLING METHOD
650 _aRER
690 _aTRANSPORT AND COMMUNICATIONS
942 _n0
948 _c04/03/1997
999 _c31209
_d31209